000 00418pab a2200169 454500
008 180718b2014 xxu||||| |||| 00| 0 eng d
100 _aPersaud, Avinash
245 _aIs Central bank independence necessarily a good things?
260 _c2014
300 _ap.10.
362 _a18 May
650 _aCentral bank
650 _aBanks
773 _aEconomic and Political Weekly
908 _aN
909 _a105550
999 _c105545
_d105545